000 00349nam a22001577a 4500
003 SGT
020 _a9789325986701
082 _a338.5 DWI
100 _aDWIVEDI,D.N
245 _aMICROECONOMICS: THEORY AND APPLICATIONS
250 _a3RD
260 _aNEW DELHI
_bVIKAS
_c2016
300 _a651
650 _aMICROECONOMICS
942 _2ddc
_cFCM
_07
999 _c10527
_d10527